<?xml version="1.0" encoding="UTF-8"?>
<marc:record xmlns:marc="http://www.loc.gov/MARC21/slim">
   <marc:leader>00000nam a2200000 a 4500</marc:leader>
   <marc:datafield ind1="1" ind2=" " tag="100">
      <marc:subfield code="a">Geras, Adèle</marc:subfield>
      <marc:subfield code="4">aut</marc:subfield>
      <marc:subfield code="e">Verfasser/-in</marc:subfield>
   </marc:datafield>
   <marc:datafield ind1=" " ind2=" " tag="653">
      <marc:subfield code="a">Frauen</marc:subfield>
   </marc:datafield>
   <marc:datafield ind1=" " ind2=" " tag="653">
      <marc:subfield code="a">Familie</marc:subfield>
   </marc:datafield>
   <marc:datafield ind1=" " ind2=" " tag="653">
      <marc:subfield code="a">Liebe</marc:subfield>
   </marc:datafield>
   <marc:datafield ind1="0" ind2="0" tag="245">
      <marc:subfield code="a">Sommerlicht</marc:subfield>
   </marc:datafield>
   <marc:datafield ind1="0" ind2="0" tag="245">
      <marc:subfield code="b">Roman</marc:subfield>
   </marc:datafield>
   <marc:datafield ind1=" " ind2="1" tag="264">
      <marc:subfield code="b">Blanvalet</marc:subfield>
      <marc:subfield code="c">2003</marc:subfield>
   </marc:datafield>
   <marc:datafield ind1="1" ind2=" " tag="520">
      <marc:subfield code="a">Willow Court schmückt sich zum Fest. Leonora, Tochter eines berühmten Malers, feiert ihren 75. Geburtstag. Und alle kommen ins herrschaftliche Anwesen am See. Ein Fernsehteam nimmt das Familientreffen zum Anlass für einen Film über das Leben des geheimnisumwitterten Künstlers Ethan Walsh, der seine Bilder für immer in sein Haus verbannte. Doch jeder Gast - Töchter, Enkel, Freunde - bringt mehr als nur Geschenke. Wie ein schmerzhafter Splitter liegt bei drei Generationen die Vergangenheit unter der Haut und will endlich ans Licht. Das größte Geheimnis jedoch birgt das alte Kinderzimmer: ein Puppenhaus, gebaut von Leonoras früh verstorbener Mutter...</marc:subfield>
   </marc:datafield>
   <marc:datafield ind1=" " ind2=" " tag="020">
      <marc:subfield code="a">9783764501457</marc:subfield>
      <marc:subfield code="9">9783764501457</marc:subfield>
   </marc:datafield>
</marc:record>
